Brocal : (Record no. 192061)

MARC details
000 -LEADER
campo de control de longitud fija 01661nam a2200361 i 4500
001 - NÚMERO DE CONTROL
campo de control 192061
003 - IDENTIFICADOR DE NÚMERO DE CONTROL
campo de control ES-MaACL
005 - FECHA Y HORA DE LA ÚLTIMA TRANSACCIÓN
campo de control 20250902063120.0
008 - DATOS DE LONGITUD FIJA--INFORMACIÓN GENERAL
campo de control de longitud fija 221102s2019 sp a 010 pdspa
017 ## - NÚMERO DE COPYRIGHT O DE DEPÓSITO LEGAL
Número de copyright o de depósito legal MU 696-2019
Agencia que asigna Oficina Depósito Legal Murcia
040 ## - FUENTE DE CATALOGACIÓN
Centro/agencia transcriptor ES-MaACL
080 ## - NÚMERO DE LA CLASIFICACIÓN DECIMAL UNIVERSAL
Número de la Clasificación Decimal Universal 821.134.2-14"19"
080 ## - NÚMERO DE LA CLASIFICACIÓN DECIMAL UNIVERSAL
Número de la Clasificación Decimal Universal 929 Conde, Carmen
100 1# - ENTRADA PRINCIPAL--NOMBRE DE PERSONA
Nombre de persona Conde, Carmen,
Fechas asociadas al nombre 1907-1996
Término indicativo de función/relación Autor
9 (RLIN) 40088
245 10 - MENCIÓN DEL TÍTULO
Título Brocal :
Resto del título 90 aniversario de su primera publicación (1929-2019) /
Mención de responsabilidad, etc. Carmen Conde ; ilustraciones de Virginia Bernal ; editan Mª José Vázquez & Fco. De la Iglesia
246 ## - FORMA VARIANTE DEL TITULO
Título propio/Titulo breve Brocal :
Resto del título (poemas)
250 ## - MENCION DE EDICION
Mención de edición 1ª edición, no venal
250 ## - MENCION DE EDICION
Mención de edición Primera edición, junio de 2019
264 #1 - PRODUCCIÓN, PUBLICACIÓN, DISTRIBUCIÓN, FABRICACIÓN Y COPYRIGHT
Producción, publicación, distribución, fabricación y copyright Cartagena :
Nombre del de productor, editor, distribuidor, fabricante Patronato Carmen Conde-Antonio Oliver,
Fecha de producción, publicación, distribución, fabricación o copyright 2019.
300 ## - DESCRIPCIÓN FÍSICA
Extensión 91 páginas :
Otras características físicas ilustraciones (blanco y negro y color) ;
Dimensiones 18 cm +
Material acompañante/anejo 1 folleto (1 h. pleg. (10 p.) : il. col. y n.; 12 x 12 cm)
490 1# - MENCIÓN DE SERIE
Mención de serie Vázquez & De la Iglesia. Cartagena de Levante
500 ## - NOTA GENERAL
Nota general En contracub.: Libro homenaje a Carmen Conde, 90 aniversario de la 1ª publicación de Brocal
600 14 - PUNTO DE ACCESO ADICIONAL DE MATERIA--NOMBRE DE PERSONA
Nombre de persona Conde, Carmen,
Fechas asociadas al nombre 1907-1996-
Subdivisión de forma Homenajes
9 (RLIN) 175694
600 14 - PUNTO DE ACCESO ADICIONAL DE MATERIA--NOMBRE DE PERSONA
Nombre de persona Conde, Carmen,
Fechas asociadas al nombre 1907-1996-
9 (RLIN) 141272
Subdivisión general Exposiciones
655 #4 - TERMINO DE INDIZACIÓN--GENERO/FORMA
9 (RLIN) 193628
Datos o término principal de género/forma Catálogos de exposiciones
700 1# - ENTRADA AGREGADA--NOMBRE PERSONAL
Nombre de persona Bernal, Virginia,
Fechas asociadas al nombre 1970-
Término indicativo de función/relación Ilustrador
9 (RLIN) 175695
710 2# - ENTRADA AGREGADA--NOMBRE DE ENTIDAD CORPORATIVA
9 (RLIN) 234937
Nombre de entidad corporativa o nombre de jurisdicción como elemento de entrada Patronato Carmen Conde-Antonio Oliver
830 10 - PUNTO DE ACCESO ADICIONAL DE SERIE-TÍTULO UNIFORME
Título uniforme Vázquez & De la Iglesia. Cartagena de Levante
9 (RLIN) 226088
852 4# - LOCALIZACIÓN
Ubicación ES-MaACL
Número de control de estantería N-8093
Sublocalización o colección R. 153124
Donativo/Legado Donación: Mª José Vázquez & Fco. De la Iglesia
942 ## - ELEMENTOS DE ENTRADA SECUNDARIOS (KOHA)
Tipo de ítem Koha Libro impreso
Suprimir en OPAC No
Holdings
Estatus retirado Estado de pérdida Fuente del sistema de clasificación o colocación Estado de daño No para préstamo Colección Biblioteca de origen Biblioteca actual Ubicación en estantería Fecha de adquisición Fuente de adquisición Total de préstamos Signatura topográfica completa Código de barras Visto por última vez Tipo de ítem Koha Nota pública
    Clasificación decimal universal     Libros con dedicatorias Biblioteca del Ateneo de Madrid Biblioteca del Ateneo de Madrid Depósito J 02/11/2022 Donación   N-8093 101206376 23/02/2023 Libro impreso Dedicatoria autógrafa de Mª José Vázquez